000 01197nam a2200325 i 4500
001 000016687
003 DO-SdBNP
005 20260602131653.0
007 ta
008 100309s1985 dr a 001 0 spa d
040 _aDO-SdBNP
_bspa
_cBNPHU
_erda
049 _aBNPD
082 4 _a336.3435098
_bE18d
_222
100 1 _aEchevarría, Oscar A.,
_937041
_eautor
_4aut.
245 1 3 _aLa deuda externa de América Latina :
_briesgos y soluciones /
_cOscar A. Echevarría.
250 _aPrimera Edición
264 1 _aSantiago, República Dominicana :
_bEditora Universidad Católica Madre y Maestra,
_c1985
300 _a49 páginas :
_bilustraciones ;
_c23 cm
336 _atexto
_btxt
_2rdacontent
337 _asin mediación
_bn
_2rdamedia
338 _avolumen
_bnc
_2rdacarrier
490 1 _aEstudios
500 _aIncluye datos biográficos del autor en la contracubierta
590 _aInventariado, 2024/BT
650 7 _2Armarc
_aDeuda Externa
_zAmerica Latina
_99160
650 7 _2Armarc
_aFinanzas Internacionales
_zAmerica Latina
_93746
650 7 _2Armarc
_aCrisis Económica
_zAmerica Latina
_989840
651 7 _2Armarc
_aAmerica Latina
_xPolítica económica
_99438
942 _2ddc
_cLF2
999 _c16220
_d16220